Great catchers /

Bibliographic Details
Main Author: Owens, Tom, 1960-
Format: Book
Language:English
Published: New York : MetroBooks, [1997]
Subjects:

MARC

Tag First Indicator Second Indicator Subfields
LEADER 00000cam a22000008a 4500
001 in00001371321
005 20151006081206.0
008 960729s1997 nyu b 001 0ceng
010 |a  96034656  
020 |a 1567994172 
035 |a (OCoLC)35178635 
035 |9 AHJ2202AM 
040 |a DLC  |c DLC  |d TXA  |d UtOrBLW 
043 |a n-us--- 
049 |a TXAM 
050 0 0 |a GV865.A1  |b O94 1997 
082 0 0 |a 796.357/092/2  |a B  |2 20 
100 1 |a Owens, Tom,  |d 1960- 
245 1 0 |a Great catchers /  |c Thomas S. Owens. 
263 |a 9703 
264 1 |a New York :  |b MetroBooks,  |c [1997] 
264 4 |c ©1997 
300 |a 80 pages :  |b illustrations 
336 |a text  |b txt  |2 rdacontent 
337 |a unmediated  |b n  |2 rdamedia 
338 |a volume  |b nc  |2 rdacarrier 
504 |a Includes bibliographical references and index. 
650 0 |a Catchers (Baseball)  |z United States  |x Biography. 
999 |a MARS 
999 f f |s ebe5965b-078c-35bd-b17f-a587d263e8a2  |i e3cf0acd-629c-3937-9334-09e02f453850  |t 0 
952 f f |p ric  |a Texas A&M University  |b Rellis Campus  |c Joint Library Facility  |d Remote Storage  |t 0  |e GV865.A1 O94 1997  |h Library of Congress classification  |i unmediated -- volume  |m A14821299645 
998 f f |a GV865.A1 O94 1997  |t 0  |l Remote Storage